Węzły przesiadkowe w Warszawie po zdjęciach z satelity - Statystyki

Ogólne statystyki
  • Ten quiz został rozwiązany 14 razy
  • Średni wynik to 8 z 10
Statystyki odpowiedzi
Obrazkowy Odpowiedź % Poprawnych
Rondo Wiatraczna
100%
Rondo ONZ
92%
Metro Młociny
85%
Rondo "Radosława"
85%
Metro Politechnika
77%
P+R Aleja Krakowska
77%
Rondo Waszyngtona
77%
Żerań FSO
69%
Muzeum Narodowe
54%
Nowe Bemowo
38%
Nie znaleziono quizów pasujących do podanych kryteriów
Rozkład punktacji
Procent ludzi z każdym wynikiem
Percentyl według liczby udzielonych odpowiedzi
Twoja historia wyników
Nie rozwiązałeś tego quizu